000
00232nam a2200097Ia 4500
001
955993
005
20250826215816.0
008
250824s9999 xx 000 0 und d
245
0
_a
SÖZ
_c
KAHRAMAN TAZEOĞLU
260
_b
DESTEK YAYINLARI
999
_c
955993
_d
955993